| 000 | 00475pab a2200169 454500 | ||
|---|---|---|---|
| 008 | 180718b2007 xxu||||| |||| 00| 0 eng d | ||
| 100 | _aBagchi, Amaresh | ||
| 245 | _aRole of planning and the Planning Commission in the New India Economy: case for a review | ||
| 260 | _c2007 | ||
| 300 | _ap.92-100. | ||
| 362 | _a3 Nov | ||
| 650 | _aEconomic planning - India | ||
| 650 | _aEconomic planning | ||
| 773 | _aEconomic and Political Weekly | ||
| 908 | _aN | ||
| 909 | _a76451 | ||
| 999 |
_c76451 _d76451 |
||